| 000 | 00507nam a2200169Ia 4500 | ||
|---|---|---|---|
| 008 | 230917s9999||||xx |||||||||||||| ||und|| | ||
| 020 | _cRS5000 | ||
| 040 |
_e229415 _aMAIN |
||
| 041 | _aEnglish | ||
| 082 | _a820.711 A53U | ||
| 100 | _aAhmed, Tanvir | ||
| 245 | 0 | _aUGC Net digest on paper 2 and 3, V1- Novels and drama, V2- Poetry, V3- Literary Theory | |
| 260 |
_aNew Delhi _bEducation Publishers _c2015 |
||
| 300 | _av. p. | ||
| 500 | _a2191 03/12/2015 HBD15/1231 28/12/2015 Main Budget | ||
| 942 | _cBK | ||
| 999 |
_c16734 _d16734 |
||